| 000 | 00406nam a22001697a 4500 | ||
|---|---|---|---|
| 003 | OSt | ||
| 005 | 20140310182331.0 | ||
| 008 | 130313t xxu||||| |||| 00| 0 eng d | ||
| 020 | _a8171816843 | ||
| 050 |
_aQB 857.3 _b.G147 2000 |
||
| 082 |
_aQB857.3. _bT73 2000 |
||
| 245 | _aGalaxies | ||
| 260 |
_aNew York _bChildren's Press _c2000 |
||
| 300 |
_a48 p. _c22 cm. |
||
| 942 |
_2lcc _cBK-GS |
||
| 999 |
_c11978 _d11978 |
||